[Event "Cafe En Passant"]
[Site "Montreal CAN"]
[Date "1989.03.??"]
[Round "?"]
[White "Lacroix, Serge"]
[Black "Billard, Michel"]
[Result "0-1"]
[WhiteElo "2000"]
[BlackElo "2000"]
[Annotator "Incomplete"]
[PlyCount "57"]
[EventDate "1989.03.??"]
[EventCountry "CAN"]

1. d4 Nf6 2. c4 e6 3. Nc3 c5 4. d5 exd5 5. cxd5 d6 6. e4 g6 7. Nf3 Bg7 8. Be2
O-O 9. O-O Na6 10. Bf4 Nh5 11. Be3 Re8 12. Nd2 Qh4 13. Bxh5 gxh5 14. f3 Bd7 15.
a4 Nb4 16. Nc4 Qf6 17. Qd2 Qg6 18. Nb5 Bxb5 19. axb5 a6 20. Bf4 Rab8 21. bxa6
bxa6 22. Kh1 Bd4 23. Be3 Bg7 24. Bf2 f5 25. exf5 Qxf5 26. Bg3 Qg6 27. Rfe1 Bh6
28. Rxe8+ Rxe8 29. Bf4 {etc.} 0-1

[Event "Beloeil Mini 2"]
[Site "Beloeil CAN"]
[Date "1989.02.18"]
[Round "2"]
[White "Lacroix, Serge"]
[Black "Morin, Louis"]
[Result "1-0"]
[WhiteElo "1990"]
[BlackElo "1940"]
[PlyCount "109"]
[EventDate "1989.02.18"]
[EventType "swiss"]
[EventRounds "3"]
[EventCountry "CAN"]

1. d4 d5 2. c4 e6 3. Nc3 c5 4. cxd5 exd5 5. Nf3 Nc6 6. g3 Nf6 7. Bg2 Be7 8. O-O
O-O 9. Bg5 Be6 10. Rc1 h6 11. Bxf6 Bxf6 12. dxc5 d4 13. Ne4 Be7 14. Qa4 Qd5 15.
Nd6 Bxd6 16. cxd6 Qxa2 17. Qxa2 Bxa2 18. Rfd1 Rad8 19. Nxd4 Rxd6 20. Nxc6 Rxd1+
21. Rxd1 bxc6 22. Bxc6 Rb8 23. Rd2 Bb3 24. e4 a5 25. f4 Kf8 26. Kf2 f6 27. Ke3
Rb6 28. Bd7 Ke7 29. Bf5 Be6 30. Bxe6 Kxe6 31. f5+ Ke7 32. Rc2 Kd6 33. Kf4 Rb5
34. Rd2+ Ke7 35. g4 a4 36. h4 Rb3 37. g5 hxg5+ 38. hxg5 fxg5+ 39. Kxg5 a3 40.
bxa3 Rxa3 41. Rb2 Ra6 42. Rb7+ Kf8 43. e5 Ra1 44. Rb8+ Kf7 45. e6+ Ke7 46. Rb7+
Kf8 47. Rf7+ Kg8 48. Kf4 Ra4+ 49. Ke5 Ra5+ 50. Kd6 Ra6+ 51. Kc5 g5 52. Rf6 Ra5+
53. Kb6 Ra1 54. Rg6+ Kf8 55. Rxg5 1-0

[Event "Carnaval"]
[Site "Quebec CAN"]
[Date "1989.02.05"]
[Round "4"]
[White "Lacroix, Serge"]
[Black "Tremblay, Sylvain"]
[Result "1-0"]
[WhiteElo "2055"]
[BlackElo "1620"]
[PlyCount "153"]
[EventDate "1989.02.03"]
[EventType "swiss"]
[EventRounds "5"]
[EventCountry "CAN"]

1. d4 Nf6 2. c4 e6 3. Nc3 Bb4 4. Bg5 h6 5. Bd2 O-O 6. a3 Bxc3 7. Bxc3 d5 8. e3
a5 9. b4 Ne4 10. Bb2 f5 11. Nf3 Bd7 12. Qb3 c6 13. Bd3 Be8 14. Rc1 Nd7 15. Rc2
Ndf6 16. O-O a4 17. Qa2 Ng4 18. h3 Ngf6 19. Ne5 g5 20. f3 Ng3 21. Rff2 Kg7 22.
Kh2 f4 23. exf4 gxf4 24. Bc1 Nfh5 25. cxd5 exd5 26. b5 cxb5 27. Rc5 Rc8 28.
Rxc8 Qxc8 29. Rc2 Bc6 30. Bxb5 Nf5 31. Bxc6 Nxd4 32. Bxa4 Nxc2 33. Bxc2 Qc3 34.
Qb2 Rc8 35. Qxb7+ Rc7 36. Bb2 Rxb7 37. Bxc3 Rc7 38. Nc6+ Kf8 39. Ba4 Ng3 40.
Be5 Rf7 41. Nd4 Nf1+ 42. Kg1 Ne3 43. Ne6+ Ke7 44. Nxf4 Nc4 45. Bb8 Nxa3 46.
Nxd5+ Ke6 47. Nf4+ Kf5 48. g4+ Kf6 49. Nh5+ Kg5 50. Kg2 Rb7 51. Bf4+ Kg6 52.
Be8+ Kh7 53. Nf6+ Kg7 54. Ne4 Nc4 55. Kg3 Re7 56. Bh5 Nb6 57. Nd6 Re6 58. Nf5+
Kh7 59. Bxh6 Rxh6 60. Nxh6 Kxh6 61. Bf7 Nd7 62. f4 Kg7 63. Ba2 Nf8 64. h4 Nh7
65. g5 Nf8 66. h5 Nh7 67. Kg4 Nf8 68. f5 Nh7 69. h6+ Kh8 70. Bb1 Kg8 71. f6 Nf8
72. g6 Nxg6 73. Bxg6 Kh8 74. Kf5 Kg8 75. Ke6 Kh8 76. Ke7 Kg8 77. f7+ 1-0

[Event "Longueuil"]
[Site "Longueuil CAN"]
[Date "1989.12.22"]
[Round "5"]
[White "Lacroix, Serge"]
[Black "Lavoie, Denis"]
[Result "0-1"]
[WhiteElo "2000"]
[BlackElo "1850"]
[PlyCount "74"]
[EventDate "1989.??.??"]
[EventType "swiss"]
[EventCountry "CAN"]

1. d4 Nf6 2. c4 e5 3. dxe5 Ng4 4. Bf4 Nc6 5. Nf3 Bb4+ 6. Nbd2 Qe7 7. a3 Ngxe5
8. Nxe5 Bxd2+ 9. Qxd2 Nxe5 10. e3 d6 11. Be2 O-O 12. O-O Be6 13. c5 f6 14. cxd6
cxd6 15. Rfd1 d5 16. Rac1 Rac8 17. Qd4 Rxc1 18. Rxc1 Nc6 19. Qa4 a6 20. Qd1 Rd8
21. Bxa6 d4 22. Qe2 g5 23. Bg3 bxa6 24. Qxa6 d3 25. Qxc6 d2 26. Rd1 Bb3 27.
Rxd2 Rxd2 28. h4 gxh4 29. Bxh4 Kf7 30. Qf3 Rd1+ 31. Kh2 Qe6 32. Qh5+ Kg7 33.
Bg3 Rd5 34. Qe2 Qf5 35. f3 Qh5+ 36. Kg1 Rd1+ 37. Kf2 Qh1 0-1

[Event "Beloeil Mini 7"]
[Site "Beloeil CAN"]
[Date "1988.12.17"]
[Round "2"]
[White "Morin, Louis"]
[Black "Lacroix, Serge"]
[Result "0-1"]
[WhiteElo "1970"]
[BlackElo "2000"]
[PlyCount "69"]
[EventDate "1988.12.17"]
[EventType "swiss"]
[EventRounds "3"]
[EventCountry "CAN"]

1. e4 e5 2. Nf3 Nc6 3. Nc3 Bc5 4. Nxe5 Nxe5 5. d4 Bd6 6. dxe5 Bxe5 7. f4 Bxc3+
8. bxc3 Nf6 9. e5 Ne4 10. Qf3 d5 11. Ba3 c5 12. Bb5+ Bd7 13. Bxd7+ Qxd7 14. c4
Qa4 15. Qb3 Qa5+ 16. c3 Nxc3 17. O-O d4 18. Bb2 Ne2+ 19. Kh1 O-O 20. Rf2 Nc3
21. Bxc3 dxc3 22. Rc1 Rfd8 23. Kg1 Rd3 24. Rfc2 Rd2 25. a3 Rad8 26. Qxc3 Qxc3
27. Rxc3 Ra2 28. R1c2 Rd1+ 29. Kf2 Raa1 30. Kg3 Kf8 31. Re2 Ke7 32. f5 Rf1 33.
Rd3 Rxf5 34. Red2 Rxe5 35. Rd7+ 0-1

[Event "Beloeil Mini 6"]
[Site "Beloeil CAN"]
[Date "1988.11.26"]
[Round "2"]
[White "Lacroix, Serge"]
[Black "Morin, Louis"]
[Result "1/2-1/2"]
[WhiteElo "1990"]
[BlackElo "1980"]
[PlyCount "79"]
[EventDate "1988.11.26"]
[EventType "swiss"]
[EventRounds "3"]
[EventCountry "CAN"]

1. d4 d5 2. c4 e6 3. Nc3 c5 4. cxd5 exd5 5. Nf3 Nc6 6. g3 Nf6 7. Bg2 Be7 8. O-O
O-O 9. dxc5 Bxc5 10. Na4 Be7 11. Be3 Re8 12. Rc1 Bg4 13. Nc5 Bxc5 14. Rxc5 Qe7
15. h3 Bh5 16. g4 Bxg4 17. hxg4 Nxg4 18. Rxd5 Nxe3 19. fxe3 Qxe3+ 20. Rf2 Nb4
21. Rd7 Rac8 22. Qb3 Rc1+ 23. Bf1 Qxb3 24. axb3 f6 25. Rg2 g6 26. Rh2 h5 27.
Kf2 Rc2 28. Rh4 a5 29. Rd2 Rxd2 30. Nxd2 b5 31. Bg2 Re5 32. Re4 Rc5 33. Re6 Rc2
34. Ke3 Kf7 35. Rb6 Rxb2 36. Rxb5 Ra2 37. Be4 f5 38. Bd3 f4+ 39. Kxf4 Nxd3+ 40.
exd3 1/2-1/2

[Event "Laval V"]
[Site "Laval CAN"]
[Date "1988.11.??"]
[Round "?"]
[White "Lacroix, Serge"]
[Black "Spraggett, Grant"]
[Result "1/2-1/2"]
[WhiteElo "1950"]
[BlackElo "2300"]
[PlyCount "45"]
[EventDate "1988.11.??"]
[EventType "swiss"]
[EventRounds "5"]
[EventCountry "CAN"]

1. d4 Nf6 2. c4 g6 3. Nc3 d5 4. cxd5 Nxd5 5. e4 Nxc3 6. bxc3 Bg7 7. Bc4 c5 8.
Ne2 Nc6 9. Be3 O-O 10. O-O Qc7 11. Rc1 Rd8 12. Qd2 Qa5 13. Rfd1 b5 14. Bd5 Bb7
15. Bg5 Rd7 16. Qf4 e6 17. Bxc6 Bxc6 18. dxc5 Rxd1+ 19. Rxd1 Qxa2 20. Re1 e5
21. Qe3 Qc4 22. Be7 Re8 23. Bd6 1/2-1/2

[Event "Bouche-trou"]
[Site "Montreal CAN"]
[Date "1988.09.30"]
[Round "2"]
[White "Lacroix, Serge"]
[Black "Morin, Louis"]
[Result "1-0"]
[WhiteElo "1990"]
[BlackElo "1940"]
[PlyCount "71"]
[EventDate "1988.09.21"]
[EventType "tourn"]
[EventRounds "8"]
[EventCountry "CAN"]

1. d4 d5 2. c4 e6 3. Nc3 c5 4. cxd5 exd5 5. dxc5 d4 6. Ne4 Qd5 7. Nd6+ Bxd6 8.
cxd6 Qxd6 9. e3 Nc6 10. exd4 Qxd4 11. Bd3 Bg4 12. Ne2 Rd8 13. Nxd4 Bxd1 14.
Nxc6 Rxd3 15. Nxa7 Ba4 16. b3 Bd7 17. Ke2 Rd6 18. Be3 Nf6 19. Rhd1 Re6 20. Rac1
O-O 21. Rc7 Bc6 22. Nxc6 Rxc6 23. Rxc6 bxc6 24. Rd6 Nd5 25. a4 Rc8 26. a5 Nxe3
27. Kxe3 Kf8 28. Kd4 Ra8 29. b4 Rb8 30. Kc4 Re8 31. a6 Ke7 32. Rxc6 Kd7 33. Rb6
Re2 34. a7 Ra2 35. Rb7+ Ke6 36. b5 1-0

[Event "Bouche-trou"]
[Site "Montreal CAN"]
[Date "1988.09.30"]
[Round "4"]
[White "Morin, Louis"]
[Black "Lacroix, Serge"]
[Result "0-1"]
[WhiteElo "1940"]
[BlackElo "1990"]
[PlyCount "112"]
[EventDate "1988.09.21"]
[EventType "tourn"]
[EventRounds "8"]
[EventCountry "CAN"]

1. e4 e5 2. Nf3 Nc6 3. Nc3 Nf6 4. Bb5 Bc5 5. Nxe5 Bxf2+ 6. Kxf2 Nxe5 7. d4
Neg4+ 8. Kg1 c6 9. Be2 d6 10. h3 Nh6 11. Bg5 Qb6 12. Bxf6 gxf6 13. Qd2 Ng8 14.
a4 a5 15. Rf1 Be6 16. Kh2 O-O-O 17. d5 cxd5 18. Nxd5 Qxb2 19. Qxa5 Qe5+ 20. g3
Bxd5 21. Qxd5 Qxd5 22. exd5 h5 23. Bd3 h4 24. g4 Rh6 25. Re1 Kc7 26. Re4 Rd7
27. Rhe1 Rh8 28. Bb5 Rd8 29. Re8 Nh6 30. Rxh8 Rxh8 31. Re8 Rxe8 32. Bxe8 Kb6
33. c4 Kc5 34. Bb5 b6 35. Kg2 Kd4 36. Kf3 Ng8 37. Kf4 Ne7 38. g5 Ng6+ 39. Kf5
fxg5 40. Kxg5 Ne5 41. Kxh4 f5 42. Kg3 Ke3 43. Kg2 f4 44. c5 f3+ 45. Kf1 bxc5
46. a5 c4 47. a6 c3 48. Ba4 Nc4 49. a7 Nd2+ 50. Kg1 f2+ 51. Kh2 f1=Q 52. a8=Q
Qf4+ 53. Kg2 Qf3+ 54. Kg1 Qg3+ 55. Kh1 Qxh3+ 56. Kg1 Nf3# 0-1

[Event "Bouche-trou"]
[Site "Montreal CAN"]
[Date "1988.10.02"]
[Round "6"]
[White "Lacroix, Serge"]
[Black "Morin, Louis"]
[Result "1-0"]
[WhiteElo "1990"]
[BlackElo "1940"]
[PlyCount "48"]
[EventDate "1988.09.21"]
[EventType "tourn"]
[EventRounds "8"]
[EventCountry "CAN"]

1. d4 d5 2. c4 e6 3. Nc3 c5 4. cxd5 exd5 5. dxc5 d4 6. Ne4 Bf5 7. Nd6+ Bxd6 8.
cxd6 Qxd6 9. e3 d3 10. f3 Nc6 11. Bd2 O-O-O 12. Rc1 Nf6 13. Qa4 Kb8 14. e4 Rhe8
15. Kd1 Be6 16. Rc3 Nxe4 17. fxe4 Bg4+ 18. Kc1 Nb4 19. a3 Na2+ 20. Kb1 Nxc3+
21. bxc3 Qb6+ 22. Kc1 Re5 23. Bf4 d2+ 24. Bxd2 Ra5 1-0

[Event "Bouche-trou"]
[Site "Montreal CAN"]
[Date "1988.10.02"]
[Round "8"]
[White "Morin, Louis"]
[Black "Lacroix, Serge"]
[Result "0-1"]
[WhiteElo "1940"]
[BlackElo "1990"]
[PlyCount "48"]
[EventDate "1988.09.21"]
[EventType "tourn"]
[EventRounds "8"]
[EventCountry "CAN"]

1. e4 e5 2. Nf3 Nc6 3. Nc3 Nf6 4. Bb5 Nd4 5. Nxe5 Qe7 6. f4 Nxe4 7. Nxe4 Nxb5
8. O-O d6 9. Nf3 Bg4 10. Qe2 Bxf3 11. Qxf3 d5 12. Nc3 Qc5+ 13. d4 Nxd4 14. Qe3+
Ne6 15. Qxc5 Bxc5+ 16. Kh1 O-O-O 17. Bd2 f5 18. Rae1 Rhe8 19. Re5 d4 20. Na4
Bd6 21. Rxf5 g6 22. Ra5 a6 23. f5 gxf5 24. Raxf5 b5 0-1

[Event "Beloeil Mini 3"]
[Site "Beloeil CAN"]
[Date "1988.08.13"]
[Round "3"]
[White "Morin, Louis"]
[Black "Lacroix, Serge"]
[Result "0-1"]
[WhiteElo "1865"]
[BlackElo "1911"]
[PlyCount "86"]
[EventDate "1988.08.13"]
[EventType "swiss"]
[EventRounds "3"]
[EventCountry "CAN"]

1. e4 e5 2. Nf3 Nc6 3. Bb5 a6 4. Bxc6 dxc6 5. O-O f6 6. d4 Bg4 7. dxe5 Qxd1 8.
Rxd1 fxe5 9. Rd3 Bxf3 10. gxf3 Bd6 11. Be3 Ne7 12. Nd2 b5 13. c4 c5 14. Rc1 O-O
15. cxb5 axb5 16. Bxc5 Rxa2 17. Bxd6 cxd6 18. Rb3 Rb8 19. Kg2 Kf7 20. Nc4 Ke6
21. Na3 b4 22. Rc4 Ng6 23. h3 Nf4+ 24. Kh2 Rf8 25. Nc2 Rf6 26. Nxb4 Ra1 27. Nd3
Ne2 28. Rb7 Rxf3 29. Rcc7 Rxd3 30. Re7+ Kf6 31. h4 Nd4 32. Rf7+ Kg6 33. Rxg7+
Kh5 34. Rxh7+ Kg4 35. Rhg7+ Kf4 36. Kg2 Kxe4 37. Rg4+ Kd5 38. Rf7 Rdd1 39. Rgg7
Rg1+ 40. Kh3 Rh1+ 41. Kg4 Ne6 42. Rh7 Ra4+ 43. Kf3 Rhxh4 0-1

[Event "Quebec op"]
[Site "Montreal CAN"]
[Date "1988.07.25"]
[Round "2"]
[White "Lacroix, Serge"]
[Black "Ross, Dave"]
[Result "0-1"]
[WhiteElo "2008"]
[BlackElo "2244"]
[PlyCount "96"]
[EventDate "1988.07.24"]
[EventType "swiss"]
[EventRounds "8"]
[EventCountry "CAN"]

1. d4 Nf6 2. c4 d6 3. Nc3 c6 4. e4 e5 5. Nf3 Nbd7 6. Be2 Be7 7. O-O O-O 8. Qc2
Qc7 9. Bg5 Re8 10. Rad1 a6 11. Rd2 h6 12. dxe5 dxe5 13. Bh4 Nf8 14. Bg3 Bb4 15.
Rd3 Ng6 16. a3 Bf8 17. Rfd1 Nh5 18. Nh4 Nxg3 19. hxg3 Nxh4 20. gxh4 Be6 21. b4
a5 22. c5 axb4 23. axb4 b6 24. Na4 b5 25. Nc3 Ra7 26. Qd2 Rea8 27. Bf3 Qe7 28.
g3 Qf6 29. Be2 Be7 30. Bf1 Kh7 31. Kh2 g5 32. hxg5 hxg5 33. f3 Kg7 34. g4 Rh8+
35. Kg1 Qh6 36. Bg2 Qh2+ 37. Kf2 Qh4+ 38. Kg1 Rh6 39. Nd5 cxd5 40. exd5 e4 41.
fxe4 Bxg4 42. Qb2+ Bf6 43. Qf2 Qh2+ 44. Kf1 Bxd1 45. Rxd1 Be5 46. Rd2 Rf6 47.
Bf3 Rxf3 48. Qxf3 Qxd2 0-1

[Event "Quebec op"]
[Site "Montreal CAN"]
[Date "1988.07.27"]
[Round "4"]
[White "Lacroix, Serge"]
[Black "Klarner, William"]
[Result "0-1"]
[WhiteElo "2008"]
[BlackElo "2235"]
[PlyCount "131"]
[EventDate "1988.07.24"]
[EventType "swiss"]
[EventRounds "8"]
[EventCountry "CAN"]

1. d4 Nf6 2. c4 d6 3. Nc3 g6 4. e4 Bg7 5. Nf3 O-O 6. Be2 e5 7. d5 a5 8. Bg5 Na6
9. h3 Nc5 10. Qc2 Bd7 11. g4 c6 12. Nd2 Rc8 13. Nb3 Nxb3 14. Qxb3 h6 15. Be3 b5
16. cxb5 cxb5 17. Bxb5 Bxb5 18. Qxb5 Rb8 19. Qe2 Rb4 20. f3 Qb8 21. b3 Rc8 22.
Rc1 Nd7 23. Na4 Rxc1+ 24. Bxc1 f5 25. gxf5 gxf5 26. Bd2 fxe4 27. Bxb4 exf3 28.
Qc4 axb4 29. O-O e4 30. Qxe4 Qa7+ 31. Kh1 Ne5 32. Qxb4 Qe3 33. Qe1 Qd4 34. Qd1
Qe3 35. Qc1 Qe4 36. Nc3 Qh4 37. Kh2 Nd3 38. Qe3 Be5+ 39. Qxe5 Nxe5 40. a4 Qf4+
41. Kh1 f2 42. Nd1 Qe4+ 43. Kh2 Qf4+ 44. Kg2 Qf3+ 45. Kh2 Nd3 46. a5 Qxd5 47.
Nxf2 Nxf2 48. Rxf2 Qxa5 49. Rf3 Qb4 50. Kg3 Kg7 51. Kf2 Kg6 52. Ke2 Kg5 53. Kf2
Qd2+ 54. Kg3 h5 55. h4+ Kg6 56. Rf4 Qe3+ 57. Rf3 Qg1+ 58. Kf4 Qh2+ 59. Rg3+ Kf6
60. Kf3 Qxh4 61. Kg2 Qe4+ 62. Kh3 d5 63. Kh2 d4 64. Rg8 Qc2+ 65. Kg3 Qxb3+ 66.
Kf4 0-1

[Event "Quebec op"]
[Site "Montreal CAN"]
[Date "1988.07.30"]
[Round "7"]
[White "Lacroix, Serge"]
[Black "Duong, Thanh Nha"]
[Result "1-0"]
[WhiteElo "2008"]
[BlackElo "2097"]
[PlyCount "45"]
[EventDate "1988.07.24"]
[EventType "swiss"]
[EventRounds "8"]
[EventCountry "CAN"]

1. d4 Nf6 2. c4 e6 3. Nc3 Bb4 4. e3 b6 5. Nge2 Bb7 6. a3 Bxc3+ 7. Nxc3 d5 8.
Bd3 O-O 9. O-O c5 10. cxd5 cxd4 11. exd4 Nxd5 12. Qh5 Nf6 13. Qh4 Nc6 14. Ne4
Nxe4 15. Qxe4 g6 16. Bh6 Re8 17. Rac1 f5 18. Qf4 Rc8 19. Rfe1 Qxd4 20. Qg3 Ne7
21. Rxe6 Rxc1+ 22. Bxc1 Bd5 23. Re1 1-0

[Event "Quebec op"]
[Site "Montreal CAN"]
[Date "1988.07.31"]
[Round "8"]
[White "Bolduc, Steve"]
[Black "Lacroix, Serge"]
[Result "1-0"]
[WhiteElo "2076"]
[BlackElo "2008"]
[PlyCount "56"]
[EventDate "1988.07.24"]
[EventType "swiss"]
[EventRounds "8"]
[EventCountry "CAN"]

1. e4 e5 2. d4 exd4 3. Qxd4 Qf6 4. Qa4 Nc6 5. Nf3 Bc5 6. c3 Nh6 7. Bg5 Qg6 8.
h3 O-O 9. Nbd2 d6 10. g4 Ne5 11. Nxe5 Qxg5 12. Nd3 b5 13. Qxb5 Be6 14. Nxc5
dxc5 15. Qe2 Rab8 16. b3 c4 17. Nxc4 Bxc4 18. Qxc4 Rfd8 19. Be2 Rd2 20. O-O Qh4
21. Kg2 Qe7 22. Rfd1 Rb2 23. Rd5 Kh8 24. Bf3 Ng8 25. Rf1 Rb6 26. Qd4 Rxa2 27.
Rd7 Qg5 28. Rxf7 Rxb3 1-0

[Event "Abitibi-Temiscamingue op"]
[Site "Abitibi CAN"]
[Date "1988.04.16"]
[Round "3"]
[White "Gagnon, Fabien"]
[Black "Lacroix, Serge"]
[Result "0-1"]
[WhiteElo "1720"]
[BlackElo "2000"]
[PlyCount "116"]
[EventDate "1988.04.15"]
[EventType "swiss"]
[EventRounds "5"]
[EventCountry "CAN"]

1. e4 e5 2. Nf3 Nc6 3. Bb5 a6 4. Ba4 Nf6 5. O-O Be7 6. Re1 b5 7. Bb3 d6 8. c3
O-O 9. h3 h6 10. d3 Na5 11. Bc2 c5 12. Nbd2 Re8 13. Nf1 Bf8 14. Bd2 Bd7 15. a4
c4 16. d4 Nb3 17. Bxb3 cxb3 18. axb5 exd4 19. Ng3 axb5 20. cxd4 d5 21. e5 Rxa1
22. Qxa1 Ne4 23. Qd1 Qb6 24. Qe2 Nxg3 25. fxg3 Rc8 26. Rc1 Rc2 27. Qd3 Qc6 28.
Rxc2 bxc2 29. Bc1 Qc4 30. Ne1 Qxd3 31. Nxd3 Bf5 32. Ne1 Be7 33. h4 g5 34. Nf3
g4 35. Ne1 h5 36. Kf2 f6 37. exf6 Bxf6 38. Ke3 Bg7 39. Kf4 Be4 40. Kg5 Bxd4 41.
Kxh5 Bf2 42. Nxc2 Bxc2 43. Kxg4 Bd1+ 44. Kf4 Kf7 45. Ke5 d4 46. Ke4 Be2 47. Bd2
d3 48. Kd5 Bg4 49. Kc6 Ke6 50. Kxb5 Kd5 51. b4 Bxg3 52. Kb6 Bxh4 53. b5 Bd8+
54. Ka6 Bc8+ 55. Ka7 Kc5 56. g4 Bxg4 57. Kb8 Kxb5 58. Kb7 Ba5 0-1

[Event "Longueuil op"]
[Site "Longueuil CAN"]
[Date "1988.04.06"]
[Round "1"]
[White "Lacroix, Serge"]
[Black "Charest, Johanne"]
[Result "1-0"]
[WhiteElo "1878"]
[BlackElo "1510"]
[PlyCount "89"]
[EventDate "1988.04.06"]
[EventType "swiss"]
[EventRounds "7"]
[EventCountry "CAN"]

1. d4 d5 2. c4 c6 3. Nc3 Nf6 4. cxd5 cxd5 5. Bf4 Nc6 6. e3 e6 7. Nf3 a6 8. Rc1
Bb4 9. a3 Be7 10. Bd3 O-O 11. Ne5 Bd7 12. O-O h6 13. Nxd7 Qxd7 14. Na4 Qd8 15.
Nc5 Bxc5 16. Rxc5 Rc8 17. Qe2 Qd7 18. Rfc1 Na5 19. Qc2 Rxc5 20. dxc5 Rc8 21. b4
Nc6 22. Qb2 Rd8 23. b5 axb5 24. Bxb5 Ne4 25. f3 Nf6 26. g4 Ne8 27. h4 d4 28. e4
e5 29. Bxe5 Qe7 30. Bxc6 bxc6 31. Bxd4 Qxh4 32. Bf2 Qg5 33. Re1 Rd2 34. Qc1 Qd8
35. Be3 Rd7 36. Bf4 Qf6 37. Kg2 Rd3 38. Re2 g5 39. Be3 Nc7 40. Qb1 Rd8 41. Qb2
Qe6 42. Rd2 Re8 43. Rd6 Qc4 44. Rxh6 Kf8 45. Bxg5 1-0

[Event "Lacroix #42"]
[Site "Montreal CAN"]
[Date "1988.01.10"]
[Round "3"]
[White "Lacroix, Serge"]
[Black "Clement, Michel"]
[Result "0-1"]
[WhiteElo "1991"]
[BlackElo "1857"]
[PlyCount "72"]
[EventDate "1988.01.09"]
[EventType "swiss"]
[EventRounds "4"]
[EventCountry "CAN"]

1. d4 f5 2. Nc3 Nf6 3. Bg5 c6 4. Bxf6 exf6 5. e4 fxe4 6. Nxe4 Qb6 7. Qh5+ g6 8.
Nxf6+ Kd8 9. Qd1 Qb4+ 10. Qd2 Qe7+ 11. Be2 Qxf6 12. Nf3 Bd6 13. O-O Bf4 14. Qd1
d6 15. c4 Bf5 16. b4 Nd7 17. a4 Ke7 18. a5 Rhe8 19. Qa4 Kf8 20. Ra2 Re7 21. a6
b6 22. Rd1 Rae8 23. Bf1 Be4 24. Ra3 Kg7 25. g3 Bxg3 26. hxg3 Bxf3 27. Rxf3 Qxf3
28. Bg2 Re1+ 29. Rxe1 Rxe1+ 30. Kh2 Qh5+ 31. Bh3 Re2 32. Qxc6 Rxf2+ 33. Kg1 Rf7
34. Bxd7 Qd1+ 35. Kh2 Rf2+ 36. Kh3 Qh5# 0-1

[Event "Lacroix #36"]
[Site "Montreal CAN"]
[Date "1987.10.04"]
[Round "4"]
[White "Lacroix, Serge"]
[Black "Clement, Michel"]
[Result "0-1"]
[WhiteElo "1919"]
[BlackElo "1854"]
[PlyCount "82"]
[EventDate "1987.10.03"]
[EventType "swiss"]
[EventRounds "4"]
[EventCountry "CAN"]

1. d4 f5 2. c4 Nf6 3. Nc3 e6 4. g3 Bb4 5. Bg2 O-O 6. Nf3 d6 7. Qc2 Bxc3+ 8.
Qxc3 Ne4 9. Qb3 Kh8 10. O-O Nc6 11. Rd1 Qe7 12. Be3 e5 13. d5 Nd8 14. Nd2 Nf6
15. Qc2 Ng4 16. Nf1 Nxe3 17. Nxe3 f4 18. Nf1 Nf7 19. e3 Ng5 20. exf4 exf4 21.
h4 Nh3+ 22. Kh2 fxg3+ 23. fxg3 Nf2 24. Re1 Ng4+ 25. Kg1 Ne5 26. Nh2 Bf5 27. Be4
Qd7 28. Rf1 Bxe4 29. Qxe4 Qh3 30. Qg2 Qxg2+ 31. Kxg2 Nxc4 32. Ng4 h5 33. Rac1
Rxf1 34. Kxf1 Nd2+ 35. Ke2 Ne4 36. Ne3 Rc8 37. Kf3 Nf6 38. Ke2 Re8 39. Kd3 g6
40. Rc3 Rxe3+ 41. Kxe3 Nxd5+ 0-1

[Event "Quebec-ch reserve"]
[Site "Montreal CAN"]
[Date "1987.05.27"]
[Round "1"]
[White "Wenaas, Eric"]
[Black "Lacroix, Serge"]
[Result "0-1"]
[WhiteElo "1766"]
[BlackElo "1838"]
[PlyCount "146"]
[EventDate "1987.05.27"]
[EventType "tourn"]
[EventRounds "8"]
[EventCountry "CAN"]

1. d4 Nf6 2. Bg5 e6 3. e4 h6 4. Bxf6 Qxf6 5. Nf3 d5 6. e5 Qd8 7. Bd3 c5 8. c3
Nc6 9. O-O Qb6 10. Qb3 Bd7 11. Qxb6 axb6 12. a3 Be7 13. Nbd2 O-O 14. Rae1 f6
15. exf6 Bxf6 16. Ne5 Bc8 17. Ndf3 cxd4 18. cxd4 Nxe5 19. Nxe5 Ra4 20. Bb5 Rxd4
21. Nd7 Bxd7 22. Bxd7 e5 23. Rd1 Rxd1 24. Rxd1 d4 25. Be6+ Kh8 26. Bd5 Rc8 27.
Be4 Bg5 28. Bxb7 Rc7 29. Be4 Bc1 30. b4 Bxa3 31. b5 g5 32. Bc6 Kg7 33. Kf1 Bc5
34. Ke2 Ra7 35. Rd2 Kf6 36. Kd3 Ra1 37. Ke4 Rh1 38. h3 Rh2 39. Kd3 Rh1 40. Ke4
Rf1 41. Rd3 Re1+ 42. Kf3 h5 43. Rb3 g4+ 44. hxg4 hxg4+ 45. Kxg4 e4 46. Kf4 d3
47. Bxe4 d2 48. Bf3 d1=Q 49. Bxd1 Rxd1 50. f3 Rd4+ 51. Kg3 Kg5 52. Kh3 Rh4+ 53.
Kg3 Bd6+ 54. Kf2 Rh2 55. Rd3 Bc5+ 56. Kg3 Rh1 57. Rb3 Kf5 58. Rb2 Ke5 59. Kg4
Kd4 60. f4 Kc3 61. Re2 Kc4 62. f5 Kxb5 63. f6 Rf1 64. Kg5 Bd4 65. Re6 Kc5 66.
Kg6 Kd5 67. Kf7 b5 68. g4 b4 69. g5 b3 70. g6 b2 71. g7 Rg1 72. g8=Q Rxg8 73.
Re1 Rb8 0-1

[Event "Quebec-ch reserve"]
[Site "Montreal CAN"]
[Date "1987.05.28"]
[Round "2"]
[White "Lacroix, Serge"]
[Black "Pineault, Denis"]
[Result "0-1"]
[WhiteElo "1838"]
[BlackElo "2101"]
[PlyCount "100"]
[EventDate "1987.05.27"]
[EventType "tourn"]
[EventRounds "8"]
[EventCountry "CAN"]

1. d4 Nf6 2. c4 g6 3. Nc3 Bg7 4. e4 O-O 5. Nf3 d6 6. Be2 e5 7. d5 a5 8. h3 Na6
9. Be3 Nc5 10. Qc2 Nh5 11. Nd2 Nf4 12. Bf1 f5 13. g3 Nh5 14. Be2 f4 15. Bxc5
dxc5 16. g4 Nf6 17. O-O-O Ne8 18. f3 Bf6 19. Nb3 b6 20. Nb5 a4 21. Nd2 Nd6 22.
Nc3 a3 23. b3 Bh4 24. Rdf1 Bd7 25. Kb1 Bg3 26. Ka1 Qh4 27. Nd1 c6 28. Qd3 Rfd8
29. Nb1 b5 30. dxc6 Bxc6 31. cxb5 Bxb5 32. Qc2 Bxe2 33. Qxe2 c4 34. bxc4 Rdc8
35. Nd2 Qe7 36. Nc3 Nxc4 37. Nxc4 Qc5 38. Qd3 Qxc4 39. Qxc4+ Rxc4 40. Nd5 Rc2
41. Kb1 Re2 42. Rc1 Rb8+ 43. Ka1 Bf2 44. Rhd1 Bd4+ 45. Rxd4 exd4 46. Nxf4 Rf2
47. Ne6 Rbb2 48. Rd1 Rxa2+ 49. Kb1 Rfb2+ 50. Kc1 Ra1# 0-1

[Event "Quebec-ch reserve"]
[Site "Montreal CAN"]
[Date "1987.05.29"]
[Round "3"]
[White "Saint-Pierre, Benoit"]
[Black "Lacroix, Serge"]
[Result "0-1"]
[WhiteElo "1995"]
[BlackElo "1838"]
[PlyCount "94"]
[EventDate "1987.05.27"]
[EventType "tourn"]
[EventRounds "8"]
[EventCountry "CAN"]

1. e4 e5 2. Nf3 Nc6 3. Bb5 a6 4. Ba4 Nf6 5. O-O Be7 6. Re1 b5 7. Bb3 d6 8. c3
O-O 9. h3 Na5 10. Bc2 c5 11. d4 Qc7 12. Nbd2 Bb7 13. d5 Bc8 14. Nf1 Bd7 15. b3
c4 16. b4 Nb7 17. Be3 a5 18. a3 Ra6 19. Ng3 Rfa8 20. Rc1 axb4 21. axb4 Qc8 22.
Nh2 Ra3 23. Bb1 Rb3 24. Bd2 Raa3 25. Ngf1 g6 26. Bc2 Rb2 27. Ne3 Nh5 28. Ra1
Rba2 29. Rxa2 Rxa2 30. Neg4 Nd8 31. Bb1 Ra1 32. Nh6+ Kg7 33. Qf3 Qa8 34. Nf5+
gxf5 35. Qxh5 f4 36. g3 Qa3 37. gxf4 Qb2 38. Nf3 Rxb1 39. fxe5 Rxe1+ 40. Bxe1
dxe5 41. Qxe5+ Bf6 42. Qc7 Qe2 43. e5 Bh4 44. Kg2 Bxh3+ 45. Kxh3 Qxf3+ 46. Kxh4
h5 47. Qd7 Ne6 0-1

[Event "Quebec-ch reserve"]
[Site "Montreal CAN"]
[Date "1987.05.31"]
[Round "5"]
[White "Lacroix, Serge"]
[Black "Gagnon, Michel"]
[Result "1-0"]
[WhiteElo "1838"]
[BlackElo "2035"]
[PlyCount "56"]
[EventDate "1987.05.27"]
[EventType "tourn"]
[EventRounds "8"]
[EventCountry "CAN"]

1. d4 Nf6 2. c4 g6 3. Nc3 Bg7 4. e4 O-O 5. Nf3 d6 6. Be2 e5 7. d5 Nbd7 8. Bg5
h6 9. Bh4 g5 10. Bg3 Nh5 11. h4 Nxg3 12. fxg3 gxh4 13. Rxh4 f5 14. exf5 Rxf5
15. Qc2 Nc5 16. O-O-O a5 17. Rdh1 Rf6 18. g4 Qf8 19. g5 Bf5 20. gxf6 Bxc2 21.
fxg7 Kxg7 22. Kxc2 Qf5+ 23. Kd1 Rh8 24. Nd2 Rh7 25. Rf1 Qc8 26. Nde4 Nxe4 27.
Nxe4 Qd8 28. g3 Kh8 1-0